MARC

LEADER 00000nam0a2200000 4500
001 34420
005 20231030225308.0
035 |a (RuTPU)RU\TPU\book\34814 
035 |a BOOK00001465 
090 |a 34420 
100 |a 20011210d1979 m y0rusy50 ca 
101 0 |a rus 
102 |a RU 
105 |a y j 000zy 
200 1 |a Динамика подземных вод  |e учебное пособие  |f В. М. Шестаков 
205 |a 2-е изд., перераб. и доп. 
210 |a Москва  |c Изд-во МГУ  |d 1979 
215 |a 368 с. 
610 1 |a геология 
610 1 |a гидравлика жидкостей 
610 1 |a воды подземные 
610 1 |a фильтрация 
610 1 |a физические основы 
610 1 |a математические основы 
610 1 |a гидродинамические расчеты 
610 1 |a теория 
610 1 |a задачи 
610 1 |a учебные пособия 
675 |a 556.34(075.8)  |v 3 
700 1 |a Шестаков  |b В. М.  |g Всеволод Михайлович 
801 0 |a RU  |b 63413507  |c 20011210  |g PSBO 
801 2 |a RU  |b 63413507  |c 20200907  |g PSBO 
900 |a Динамика подземных вод  |a Моделирование процессов фильтрации 
942 |c BK